| 000 | 00418 a2200157 4500 | ||
|---|---|---|---|
| 003 | Nust | ||
| 005 | 20170207153552.0 | ||
| 040 | _cNust | ||
| 082 | _a005.1 | ||
| 100 | _aZafar, Maryam MSCS-14 | ||
| 245 |
_aInteractive english to urdu machine translator uisng example based approach _cMaryam Zafar, MSCS-14 |
||
| 260 |
_bMCS _cMarch 2011 |
||
| 300 | _axi, 70 p | ||
| 538 | _aAlmirah No 69 Shelf No 6 | ||
| 650 | _aMSCS Thesis | ||
| 942 | _cTHS | ||
| 999 |
_c188924 _d188924 |
||